Statystyki dla 15 Najlepiej sprzedawanych produktów przez internet

Kliknij tutaj aby rozwiązać quiz!

Ogólne statystyki

  • Ten quiz został rozwiązany 378 razy
  • Średni wynik to 4 z 15

Statystyki odpowiedzi

%Produkt% Poprawnych
49%Obuwie
60%
53,5%Sprzęt RTV i AGD
56%
72,5%Odzież | Dodatki | Akcesoria
53%
38%Meble | Wystrój Wnętrz
44%
55,5%Telefony | Smartfony | GSM
42%
69%Książki | Płyty | Filmy
41%
51,5%Kosmetyki | Perfumy
38%
38%Samochody | Części Samochodowe
34%
43,5%Artykuły Dziecięce | Zabawki
31%
39%Gry Komputerowe
10%
43,5%Odzież Sportowa
7%
43%Podróże | Rezerwacje
4%
48%Sprzęt Komputerowy
2%
53,5%Bilety do Kina/Teatru
1%
35,5%Multimedia
1%

Rozkład punktacji

Percentyl według liczby udzielonych odpowiedzi

Procent ludzi z każdym wynikiem

Twoja historia wyników

Nie rozwiązałeś tego quizu